Técnicas de relleno sanitario
Saved in:
| Corporate Author: | |
|---|---|
| Format: | Book |
| Language: | Spanish |
| Published: |
Santiago
Universidad de Chile
1972
|
| Series: | Publicación C-22
|
| Subjects: | |
| Tags: |
Add Tag
No Tags, Be the first to tag this record!
|
MARC
| LEADER | 00000nam a2200000 a 4500 | ||
|---|---|---|---|
| 001 | UCU6796 | ||
| 003 | CL-VaPUC | ||
| 008 | 960621e19720000CL |||||||||||||||||spa|d | ||
| 082 | 0 | 4 | |a 628.445 |b UNI |2 21 |
| 110 | 2 | |a Universidad de Chile |e author |9 365191 | |
| 245 | 1 | 0 | |a Técnicas de relleno sanitario |
| 300 | |a 123 p | ||
| 942 | |c BK | ||
| 945 | |d 19960621 00:00:00 |a paguirre | ||
| 260 | |a Santiago |b Universidad de Chile |c 1972 | ||
| 650 | 0 | |a Residuos |9 343036 | |
| 650 | 7 | |a ELIMINACION DE RESIDUOS |2 CL-VaPUC |9 332226 | |
| 650 | 7 | |a SERVICIOS DE SANEAMIENTO |2 CL-VaPUC |9 361367 | |
| 650 | 0 | |a Tratamiento de residuos |9 262890 | |
| 650 | 7 | |a BASURA |2 CL-VaPUC |9 349548 | |
| 583 | |a last modification |c 19960621 00:00:00 |k Rodrigo Vera | ||
| 490 | 0 | |a Publicación C-22 | |
| 999 | |c 249607 |d 249605 | ||
| 952 | |0 0 |1 0 |4 0 |6 628_445000000000000_UNI_1972 |7 0 |8 A |9 266930 |a BIBING |b BIBING |d 2019-11-19 |i 1691597 |o 628.445 UNI 1972 |p 1691597 |r 2025-01-20 |w 2019-11-19 |y BK |k ING | ||
| 952 | |0 0 |1 0 |4 0 |6 628_445000000000000_UNI_1972 |7 0 |8 A |9 266931 |a BIBING |b BIBING |d 2019-11-19 |i 1691546 |o 628.445 UNI 1972 |p 1691546 |r 2025-01-20 |w 2019-11-19 |y BK |k ING | ||